| 000 | 00454nam a2200145Ia 4500 | ||
|---|---|---|---|
| 001 | 5633 | ||
| 003 | GE_BSU | ||
| 008 | 181216s||||||||xx |||||||||||||| ||und|| | ||
| 040 | _cGE_BSU | ||
| 100 | _aКоксетер Г.С.М., Крейтцер С.Л. | ||
| 245 | _aНовые встречи с геометрией . | ||
| 245 | _bКоксетер Г.С.М., Крейтцер С | ||
| 653 | _a- Новые встречи с геометрией | ||
| 942 | _cBK | ||
| 999 |
_c39074 _d39074 |
||